00515cam a22001337a 4500008004000000082001700040100001900057245013300076260002400209300001200233500008300245650002900328650002400357180718b1993 xxu||||| |||| 00| 0 eng d aBA27x54 D165 aEngels, Dagmar aThe myth of the family unit: Adivasi women in coal-mines and tea plantations in early twentieth-century Bengalcby Dagmar Engels aDelhibOxfordc1993 a225-244 a[In] Dalit movements and the meanings of labour in India, edited by Peter Robb aTribes and Tribal System aWomen in Employment